000 00309nam a22001457a 4500
008 230516b ||||| |||| 00| 0 eng d
020 _a0818504722
041 _aeng
080 _a33
082 _a33COR
100 _a25
101 _aMJEDISI
245 _aGROUP TECHNIQUES
_cCOREY SH.M
942 _2udc
_cBK
999 _c59727
_d59727